LEADER 00947nam0-22003011i-450- 001 990006487350403321 005 20001010 035 $a000648735 035 $aFED01000648735 035 $a(Aleph)000648735FED01 035 $a000648735 100 $a20001010d--------km-y0itay50------ba 101 0 $aita 105 $ay-------001yy 200 1 $aBritish foreign policy in the italo- ethiopian conflict December 1934-July 1936$ea study in appeasement$fDina Mazengia 210 $aAnn Arbor$cUniversity Microfilms Int.$d1979. 215 $a256 p.$d20 cm 300 $aDissertazione accademica mcrf. 676 $a327.41045 700 1$aMazengia,$bDina$0244042 801 0$aIT$bUNINA$gRICA$2UNIMARC 901 $aBK 912 $a990006487350403321 952 $aXIV E 2425$b19882$fFSPBC 959 $aFSPBC 996 $aBritish foreign policy in the italo- ethiopian conflict December 1934-July 1936$9653136 997 $aUNINA DB $aGEN01 LEADER 01436nam0-2200421---450- 001 990000767180203316 005 20050512160518.0 010 $a88-221-1295-4$dL. 38000 020 $aIT$b94-8986 035 $a0076718 035 $aUSA010076718 035 $a(ALEPH)000076718USA01 035 $a0076718 100 $a20011123d1994----y0itay0103 ba 101 $aita 102 $aIT 105 $aa 00||| 200 1 $aLinguaggio e sordità$eparole e segni per l'educazione dei sordi$fMaria Cristina Caselli ... [et al.] 210 $aScandicci$cLa nuova Italia$d1994 215 $aXII, 461 p.$cill.$d21 cm 225 2 $aBiblioteca di Italiano e oltre$v15. 410 0$12001$aBiblioteca di Italiano e oltre$v15. 606 $aFanciulli sordi$xLinguaggio$xInsegnamento 676 $a371.9126 702 1$aCASELLI,$bMaria Cristina 801 0$aIT$bBNI$c19950404$gRICA 912 $a990000767180203316 951 $aIV.2. Coll.4/ 3 (XII B COLL. 21/15)$b116777 LM$cXII B 951 $aIV.2. Coll.4/ 3a (XII B COLL. 21/15 BIS)$b125574 LM$cXII B 951 $aIV.2. Coll.4/ 3b (XII B COLL. 21/15 A)$b125575 LM$cXII B 959 $aBK 979 $aPATTY$b90$c20011123$lUSA01$h1222 979 $aPATTY$b90$c20011123$lUSA01$h1250 979 $c20020403$lUSA01$h1724 979 $aPATRY$b90$c20040406$lUSA01$h1653 979 $aCOPAT4$b90$c20050512$lUSA01$h1605 996 $aLinguaggio e sordità$9749061 997 $aUNISA